Quadruple Homophones Quiz Stats

Quiz Updated Mar 21, 2016

Also try: Triple Homophones
Challenge
Share
Tweet
Embed
Score 0/30 Timer 04:00
1 Play Today
Word Homophone % Correct
HighHi
96.1%
PeakPeek
94.5%
CaratCarrot
92.4%
SiteSight
91.9%
NewKnew
86.7%
RightRite
85.9%
SenseCents
82.1%
SeesSeas
79.2%
RightWrite
78.4%
PraysPraise
77.4%
PraysPreys
73.9%
SiteCite
69.5%
RoseRows
67.7%
CaratKarat
64.1%
SeesSeize
58.7%
Word Homophone % Correct
NewGnu
57.4%
SenseScents
56%
RightWright
55%
NewNu
52.8%
SeesCees
50.2%
PeakPique
47.4%
SenseCense
36.5%
PeakPeke
34.3%
HighHie
34.3%
RoseRoes
32.3%
CaratCaret
26.3%
HighHeigh
25.9%
PraysPrase
11.5%
RoseRhos
9.2%
SiteCyte
6.7%

You're not logged in!

Compare scores with friends on all Sporcle quizzes.
Sign Up with Email
OR
Log In

You Might Also Like...

Show Comments

Extras

Top Quizzes Today


Score Distribution

Your Account Isn't Verified!

In order to create a playlist on Sporcle, you need to verify the email address you used during registration. Go to your Sporcle Settings to finish the process.